Statistics for Name an African Country A-Z

Click here to take the quiz!

General Stats

  • This quiz has been taken 4,240 times
  • The average score is 15 of 15

Answer Stats

LetterCountries% Correct
AAlgeria, Angola
99%
CCameroon, Cape Verde, Chad...
99%
EEgypt, Ethiopia, Eritrea...
99%
GGabon, Gambia, Guinea...
99%
MMadagascar, Morocco, Mali...
99%
NNamibia, Nigeria, Niger
99%
SSenegal, South Africa, Sudan...
99%
ZZambia, Zimbabwe
99%
BBenin, Burkina Faso, Botswana...
98%
RRep. of the Congo, Rwanda
98%
TTanzania, Tunisia, Togo
98%
LLesotho, Libya, Liberia
97%
UUganda
97%
DD.R.Congo, Djibouti
95%
KKenya
93%

Score Distribution

Percentile by Number Answered

Percent of People with Each Score

Your Score History

You have not taken this quiz